Normal view
MARC view
- Chirgwin, B H .
Entry Personal Name
001 - CONTROL NUMBER
- control field: 1519
003 - CONTROL NUMBER IDENTIFIER
- control field: OSt
005 - DATE AND TIME OF LATEST TRANSACTION
- control field: 20160926105945.0
008 - FIXED-LENGTH DATA ELEMENTS
- fixed length control field: 160926|| aca||aabn | a|a d
040 ## - CATALOGING SOURCE
- Original cataloging agency: OSt
- Transcribing agency: OSt
100 ## - HEADING--PERSONAL NAME
- Personal name: Chirgwin, B H .
670 ## - SOURCE DATA FOUND
- Source citation: Work cat.: (OSt)5280: Chirgwin, B H ., Course of Mathematics for Engineers and Scientists, Vol 5 / , 1964.
